[Event "Challenge"]
[Site "http://www.queenalice.com/game.php?id=1309779"]
[Date "2014.9.22"]
[Round "-"]
[White "caboclo"]
[Black "Iancopoulus"]
[Result "1/2-1/2"]
[WhiteElo "2638"]
[BlackElo "2591"]

1. e4 Nc6 2. Nf3 f5 3. exf5 d5 4. d4 Bxf5 5. Bb5 e6 6. Ne5 Ne7 7. Na3 a6 8. Ba4
Rb8 9. Qe2 b5 10. Nxb5 axb5 11. Bxb5 Rxb5 12. Qxb5 Qb8 13. Qxb8+ Nxb8 14. c3
Nbc6 15. Bf4 Nxe5 16. Bxe5 Kd7 17. Bg3 h5 18. h3 g6 19. Bf4 Nc6 20. O-O Na5 21.
b4 Nc4 22. a4 Bd6 23. Bxd6 cxd6 24. Ra2 Kc6 25. Kh2 h4 26. Rd1 Kb7 27. Re1 e5
28. Rg1 Kb6 29. a5+ Ka6 30. Rd1 Rd8 31. Kg1 e4 1/2-1/2

[Event "Challenge"]
[Site "http://www.queenalice.com/game.php?id=1309780"]
[Date "2014.9.22"]
[Round "-"]
[White "Iancopoulus"]
[Black "caboclo"]
[Result "1-0"]
[WhiteElo "2594"]
[BlackElo "2650"]

1. Nc3 d5 2. e4 d4 3. Nce2 c5 4. f4 Nc6 5. Ng3 Qc7 6. d3 g6 7. Nf3 Bh6 8. e5 f6
9. Be2 Be6 10. O-O O-O-O 11. c4 dxc3 12. bxc3 fxe5 13. Ng5 Bxg5 14. fxg5 c4 15.
Bg4 Qd7 16. Bxe6 Qxe6 17. Be3 Rxd3 18. Rf8+ Kd7 19. Qe1 Qd5 20. Nh1 h6 21. Nf2
hxg5 22. Nxd3 cxd3 23. c4 Qxc4 24. Qd2 Rh7 25. Rc1 Qd5 26. Rc3 e4 27. Qb2 Nd4
28. Kh1 Qb5 29. Qxb5+ Nxb5 30. Rb3 Nf6 31. Rxb5 Ng4 32. Bxa7 e3 33. Bxe3 Nxe3
34. Rb3 d2 35. Rd3+ Kc7 36. Rxd2 Rh4 37. Re8 Nf5 38. Rg8 Re4 39. Rc2+ Kd7 40.
Kg1 Re6 41. h3 b6 42. Rb8 Nd4 43. Rb7+ Ke8 44. Rd2 Ne2+ 45. Kh2 g4 46. hxg4 g5
47. g3 Nc3 48. Kg2 Kf7 49. a3 Nb5 50. Rd3 Nd6 51. Rxb6 Re2+ 52. Kf3 Rc2 53. Ra6
Nc4 54. Ke4 Nd6+ 55. Raxd6 exd6 56. Rxd6 Ra2 57. Ra6 Rc2 58. Kd4 Rd2+ 59. Ke5
Rc2 60. Rd6 Ke7 61. Rd5 1-0

[Event "Challenge"]
[Site "http://www.queenalice.com/game.php?id=1321343"]
[Date "2014.11.9"]
[Round "-"]
[White "cro_kramnik"]
[Black "Iancopoulus"]
[Result "1/2-1/2"]
[WhiteElo "2627"]
[BlackElo "2593"]

1. e4 b6 2. d4 Bb7 3. Bd3 Nc6 4. c3 e5 5. d5 Nce7 6. Nf3 Ng6 7. h4 h5 8. g3 Nf6
9. Bg5 Bc5 10. O-O a5 11. Nbd2 c6 12. c4 a4 13. Rb1 Qc7 14. Bxf6 gxf6 15. Bc2
Rg8 16. Kh2 Ne7 17. Bxa4 cxd5 18. exd5 Rg4 19. Bc2 f5 20. b4 Bd6 21. c5 bxc5 22.
bxc5 Bxc5 23. Rxb7 Qxb7 24. Nxe5 Rxa2 25. Nxg4 hxg4 26. Bb3 Ra8 27. f3 Ra3 28.
fxg4 Qb4 29. gxf5 Be3 30. d6 Qxd2+ 31. Qxd2 Bxd2 32. Rf3 Nxf5 33. Bxf7+ Kxf7 34.
Rxa3 Bb4 35. Rf3 Kg6 36. Kh3 Bxd6 37. g4 Nd4 38. Rf2 Be5 39. Ra2 1/2-1/2

[Event "Challenge"]
[Site "http://www.queenalice.com/game.php?id=1321344"]
[Date "2014.11.9"]
[Round "-"]
[White "Iancopoulus"]
[Black "cro_kramnik"]
[Result "1/2-1/2"]
[WhiteElo "2592"]
[BlackElo "2628"]

1. e4 e5 2. Nf3 Nc6 3. d4 exd4 4. Nxd4 Bc5 5. Nb3 Bb6 6. Nc3 Nf6 7. Qe2 d6 8.
Be3 Be6 9. f3 O-O 10. O-O-O Re8 11. Bxb6 axb6 12. Qd2 Nd7 13. Kb1 Nc5 14. Nd4
Nxd4 15. Qxd4 Qd7 16. b3 Red8 17. f4 Qe7 18. Be2 f6 19. g4 c6 20. f5 Bf7 21. h4
Qe5 22. g5 b5 23. Rhg1 Kf8 24. gxf6 Qxd4 25. Rxd4 gxf6 26. Rgd1 Ke7 27. Kb2 Rd7
28. Bf3 Rg8 29. Ne2 Na6 30. R4d3 b4 31. Ra1 c5 32. Nf4 Nc7 33. a3 bxa3+ 34. Rxa3
Nb5 35. Ra1 Nd4 36. h5 Rdd8 37. h6 Rg3 1/2-1/2

[Event "AUTO-OPEN-3261"]
[Site "http://www.queenalice.com/game.php?id=1338817"]
[Date "2015.2.2"]
[Round "3"]
[White "fontaine"]
[Black "Iancopoulus"]
[Result "0-1"]
[WhiteElo "2783"]
[BlackElo "2590"]

1. e4 e5 2. Nf3 Nc6 3. Bc4 Nf6 4. Ng5 Bc5 5. Nxf7 Bxf2+ 6. Kf1 Qe7 7. Nxh8 d5 8.
exd5 Nd4 9. h3 Bg3 10. c3 Nf5 11. b3 e4 12. d4 Bd7 13. Ba3 Nd6 14. Bxd6 Qxd6 15.
Qd2 Kf8 16. Qe3 Kg8 17. Nf7 Kxf7 18. a4 Kg8 19. Nd2 Bf4 20. Qe1 e3 21. Nf3 Ne4
22. Kg1 Re8 23. Ra2 Ng3 24. Ne5 Bf5 25. a5 a6 26. Rb2 g6 27. h4 Bxe5 28. dxe5
Qxe5 29. Kh2 Nxh1+ 30. Kxh1 Kg7 31. Kg1 Bg4 32. Be2 h5 33. Ra2 Qxd5 34. c4 Qe5
35. b4 Qd4 36. Kh2 Bxe2 37. Rxe2 Qxc4 38. Qa1+ Kg8 39. Qe1 Re7 40. g3 Qd3 41.
Kg2 Qe4+ 42. Kh2 Qf3 43. Qd1 Kh7 44. Qd3 Qf1 45. Qc2 b5 46. axb6 cxb6 47. Qd3 a5
48. bxa5 bxa5 49. Qc2 a4 50. Qa2 a3 51. Qc2 Rf7 52. Rg2 Rf2 53. Rxf2 Qxf2+ 54.
Qxf2 exf2 55. Kg2 a2 56. Kxf2 a1=Q 57. Kf3 Qe1 58. Kf4 Qe2 59. Kg5 Qe5# 0-1

[Event "AUTO-OPEN-3261"]
[Site "http://www.queenalice.com/game.php?id=1338818"]
[Date "2015.2.2"]
[Round "3"]
[White "Iancopoulus"]
[Black "fontaine"]
[Result "1-0"]
[WhiteElo "2603"]
[BlackElo "2654"]

1. Nc3 d5 2. e4 d4 3. Nce2 e5 4. Ng3 Be6 5. c3 Qd6 6. cxd4 exd4 7. d3 Qb6 8. Nf3
Nf6 9. Be2 Nc6 10. O-O h6 11. Nd2 Be7 12. f4 Qa6 13. a4 O-O-O 14. f5 Bd7 15. Nc4
b5 16. Nd2 Bd6 17. b3 h5 18. Bb2 Rh7 19. axb5 Qxb5 20. Nc4 Bxg3 21. hxg3 h4 22.
gxh4 Rxh4 23. Bc1 Rdh8 24. Bg5 R4h7 25. Kf2 Kb8 26. Qc1 Ne8 27. Bf3 g6 28. fxg6
Rg7 29. gxf7 Rxf7 30. Kg1 Rfh7 31. Qd2 Rh1+ 32. Kf2 Rxf1+ 33. Rxf1 Rg8 34. Bh6
Nf6 35. Bf4 Nh7 36. Na3 Qb6 37. b4 Nf8 38. b5 Na5 39. Kg1 Be6 40. Qb4 Ng6 41.
Bg3 Nc6 42. Qa4 Nce5 43. Be2 Rh8 44. Nc2 Bc4 45. Nb4 Bxb5 46. Qc2 a6 47. Nd5 Qb7
48. Rf5 Re8 49. Qc5 Bc6 50. Nf6 Re6 51. Rxe5 Nxe5 52. Bxe5 Qb5 53. Qf8+ Kb7 54.
Bf4 Qa5 55. Qd8 Qe1+ 56. Bf1 Qa5 57. Kh2 Ba4 58. Be2 Qc5 59. Bg4 Re7 60. Bc8+
Ka7 61. Bd7 Bxd7 62. Nxd7 Rh7+ 63. Kg3 Rg7+ 64. Kf3 Rxd7 65. Qxd7 Kb6 66. g4 Qc3
67. Qe6+ Kb7 68. Qc4 a5 69. Qxc3 dxc3 70. g5 a4 71. Bc1 Kc6 72. g6 Kb5 73. g7
Kb4 74. g8=Q c5 75. Qb8+ Ka5 76. Ba3 c2 77. Bxc5 a3 78. Qb6+ 1-0

[Event "Challenge"]
[Site "http://www.queenalice.com/game.php?id=1353491"]
[Date "2015.4.14"]
[Round "-"]
[White "cro_kramnik"]
[Black "Iancopoulus"]
[Result "1/2-1/2"]
[WhiteElo "2627"]
[BlackElo "2605"]

1. e4 e5 2. Nf3 Nc6 3. d4 exd4 4. Nxd4 Bb4+ 5. c3 Bc5 6. Nxc6 bxc6 7. Bd3 Qh4 8.
Qe2 Nf6 9. h3 O-O 10. g3 Qh5 11. g4 Qe5 12. g5 Ne8 13. f4 Qe7 14. Be3 Bxe3 15.
Qxe3 Rb8 16. b4 f6 17. h4 d5 18. Nd2 a5 19. a3 Nd6 20. O-O-O Nb5 21. Bxb5 cxb5
22. Kb2 fxg5 23. hxg5 Bg4 24. Rdg1 Bf5 25. e5 d4 26. cxd4 axb4 27. Qb3+ Be6 28.
d5 Rfd8 29. dxe6 Rxd2+ 30. Kb1 bxa3 31. Ka1 Qc5 32. e7+ Qc4 33. Qxc4+ 1/2-1/2

[Event "Challenge"]
[Site "http://www.queenalice.com/game.php?id=1353492"]
[Date "2015.4.14"]
[Round "-"]
[White "Iancopoulus"]
[Black "cro_kramnik"]
[Result "0-1"]
[WhiteElo "2605"]
[BlackElo "2627"]

1. e4 e6 2. b3 d5 3. Bb2 Nf6 4. e5 Nfd7 5. Qg4 c5 6. f4 Nc6 7. Nf3 g6 8. Na3 a6
9. c4 d4 10. Nc2 Rb8 11. Bd3 b5 12. O-O bxc4 13. Bxc4 Nb6 14. Bd3 Be7 15. h4 Nd5
16. h5 gxh5 17. Qg7 Kd7 18. Be4 Qg8 19. Qh6 Bf8 20. Qg5 h6 21. Qh4 Qg4 22. Qh2
Rg8 23. Rf2 Nce7 24. Nh4 Bb7 25. Re1 Qg3 26. Qxg3 Rxg3 27. Kh2 Rg8 28. f5 Rg4
29. g3 exf5 30. Bf3 Rxh4+ 31. gxh4 Nf4 32. Bxb7 Nd3 33. Rff1 Rxb7 34. Rb1 Ke6
35. Ba3 Nc6 36. Ne1 Ncxe5 37. Kh1 Be7 38. Nxd3 Nxd3 39. Rf3 Ne5 40. Rf4 Rb5 41.
Bc1 Ng6 0-1

[Event "good training "]
[Site "http://www.queenalice.com/game.php?id=1366620"]
[Date "2015.6.20"]
[Round "1"]
[White "Maniusiek"]
[Black "Iancopoulus"]
[Result "0-1"]
[WhiteElo "2516"]
[BlackElo "2597"]

1. e4 e5 2. Nf3 Nc6 3. Bc4 Nf6 4. Ng5 Bc5 5. Bxf7+ Ke7 6. Bd5 Rf8 7. O-O d6 8.
c3 Bg4 9. Nf3 Qe8 10. d4 exd4 11. Bxc6 bxc6 12. cxd4 Bb6 13. e5 Ne4 14. exd6+
Kd8 15. Re1 Bxf3 16. Bg5+ Nxg5 17. Qc1 Nh3+ 0-1

[Event "good training "]
[Site "http://www.queenalice.com/game.php?id=1366628"]
[Date "2015.6.20"]
[Round "2"]
[White "Iancopoulus"]
[Black "Fquita"]
[Result "1/2-1/2"]
[WhiteElo "2602"]
[BlackElo "2647"]

1. e4 e5 2. Nc3 Nf6 3. f4 d5 4. fxe5 Nxe4 5. Qf3 f5 6. d3 Nxc3 7. bxc3 d4 8. Qg3
Nc6 9. Be2 Qd5 10. Bf3 Qxe5+ 1/2-1/2

[Event "Challenge"]
[Site "http://www.queenalice.com/game.php?id=1372998"]
[Date "2015.7.23"]
[Round "-"]
[White "cro_kramnik"]
[Black "Iancopoulus"]
[Result "1-0"]
[WhiteElo "2651"]
[BlackElo "2603"]

1. d4 b5 2. e4 Bb7 3. Bd3 Nf6 4. Nd2 e6 5. Ngf3 c5 6. dxc5 Bxc5 7. O-O d6 8.
Bxb5+ Nbd7 9. a3 a6 10. Bd3 a5 11. Rb1 a4 12. b4 axb3 13. cxb3 d5 14. Qe2 O-O
15. b4 dxe4 16. Nxe4 Nxe4 17. Bxe4 Bxe4 18. Qxe4 Nf6 19. Qe2 1-0

[Event "Challenge"]
[Site "http://www.queenalice.com/game.php?id=1372999"]
[Date "2015.7.23"]
[Round "-"]
[White "Iancopoulus"]
[Black "cro_kramnik"]
[Result "1/2-1/2"]
[WhiteElo "2596"]
[BlackElo "2658"]

1. e4 c5 2. Nf3 Nc6 3. b4 cxb4 4. d4 d5 5. exd5 Qxd5 6. c4 bxc3 7. Nxc3 Qa5 8.
d5 e6 9. Qd2 Bb4 10. Bb2 exd5 11. a3 Be7 12. Nxd5 Qxd2+ 13. Nxd2 Kf8 14. Be2 Nf6
15. Nxe7 Kxe7 16. a4 Re8 17. O-O Kf8 18. Bb5 Be6 19. Nc4 Red8 20. Bxc6 bxc6 21.
Rfc1 Bxc4 22. Rxc4 1/2-1/2

[Event "Challenge"]
[Site "http://www.queenalice.com/game.php?id=1376383"]
[Date "2015.8.8"]
[Round "-"]
[White "babydaddytoo"]
[Black "Iancopoulus"]
[Result "1/2-1/2"]
[WhiteElo "2218"]
[BlackElo "2597"]

1. e4 e6 2. Nf3 d6 3. d4 Ne7 4. Nc3 g6 5. Bc4 Bg7 6. O-O a6 7. Bg5 h6 8. Bd2 b5
9. Bd3 Bb7 10. Qc1 Nd7 11. a4 b4 12. Ne2 c5 13. c3 Rc8 14. Qd1 Nc6 15. Rc1 O-O
16. Be3 Qe7 17. Re1 Nf6 18. Ng3 bxc3 19. bxc3 cxd4 20. cxd4 Nb4 21. Qe2 Rxc1 22.
Rxc1 a5 23. Bd2 Nxd3 24. Qxd3 Qe8 25. Bxa5 Qxa4 26. Bd2 Qa8 27. Re1 Rc8 28. Qb1
Rc4 29. Qb3 Ra4 30. Qb1 Bc6 31. Bc3 Ne8 32. Qd3 Nc7 33. Rc1 h5 34. h4 Nb5 35.
Bb2 Be8 36. Ne2 d5 37. e5 Na3 38. Ng5 Nc4 39. Bc3 Bh6 40. Qh3 Ra3 41. Qd3 Rb3
42. Qc2 Qb7 43. Nf4 Qb8 44. Qd1 Rb5 45. Ra1 Rb3 46. Rc1 Na3 47. Ba5 Rb1 48. Rxb1
Nxb1 49. Nd3 Na3 50. Bb4 Nb5 51. Qa1 Qa7 52. Qxa7 Nxa7 53. Bc5 Nc6 54. Nf3 Na5
55. Bb4 Bb5 56. Bxa5 Bxd3 57. Nh2 Be4 58. Nf1 Bc1 59. Nd2 Bb2 60. Nxe4 dxe4 61.
Bb6 Kf8 62. Bc5+ Ke8 63. Kf1 Kd7 64. Ke2 Kc6 65. Ke3 Kd5 66. g3 Bc1+ 67. Ke2 e3
68. f3 Bd2 69. Kd3 Be1 70. Kxe3 Bxg3 71. Be7 Bh2 72. f4 Bg1+ 73. Kd3 Bxd4 74.
Bd8 Bg1 75. Bg5 Bf2 1/2-1/2

[Event "AUTO-ELITE-1632"]
[Site "http://www.queenalice.com/game.php?id=1409728"]
[Date "2016.2.17"]
[Round "1"]
[White "gega"]
[Black "Iancopoulus"]
[Result "0-1"]
[WhiteElo "2265"]
[BlackElo "2612"]

1. e4 Nc6 2. Nf3 e5 3. Bb5 f5 4. d3 Nf6 5. O-O Be7 6. Nc3 d6 7. Re1 O-O 8. Bc4+
Kh8 9. Ng5 Qe8 10. Ne6 Bxe6 11. Bxe6 f4 12. Bh3 Qf7 13. Bd2 Nd4 14. a4 c6 15. f3
Ne6 16. Bxe6 Qxe6 17. a5 g5 18. Ra4 g4 19. fxg4 Nxg4 20. Qf3 Rg8 21. d4 exd4 22.
Rxd4 Ne5 23. Qf1 Raf8 24. Kh1 Bh4 25. b3 f3 26. g3 Bxg3 27. Rd1 Bxh2 28. Be3 Rg2
29. Qxf3 Nxf3 30. Kxg2 Qg4+ 0-1

[Event "AUTO-ELITE-1632"]
[Site "http://www.queenalice.com/game.php?id=1409729"]
[Date "2016.2.17"]
[Round "1"]
[White "Iancopoulus"]
[Black "gega"]
[Result "0-1"]
[WhiteElo "2614"]
[BlackElo "2273"]

1. Nc3 Nf6 2. e4 e5 3. Bc4 Bc5 4. f4 d6 5. Nf3 Nc6 6. d3 Bg4 7. Na4 Bb6 8. a3
O-O 9. Nxb6 axb6 10. O-O Nd4 11. fxe5 dxe5 12. Kh1 b5 13. Ba2 Bxf3 14. gxf3 Qc8
15. c3 Ne6 16. f4 exf4 17. Bxf4 Nxf4 18. Rxf4 Qd7 19. Qf3 Qe7 20. d4 Nd7 21. Rf1
Kh8 22. Bxf7 c6 23. e5 h6 24. Qh5 c5 25. e6 cxd4 26. cxd4 Ra6 27. Qg6 Qg5 28.
Qe4 Qe7 29. exd7 Qxd7 30. Be8 Rxf4 31. Rxf4 Qd6 32. Bxb5 Ra8 33. Bd3 g6 34. Rh4
Qf8 35. Qe5+ Kh7 36. Bxg6+ Kxg6 37. Rf4 Re8 38. Rxf8 Rxf8 39. Qe4+ Kg5 40. Qxb7
Kf6 41. Qh7 Rc8 42. Qxh6+ Kf7 43. Qf4+ Ke8 0-1

[Event "AUTO-ELITE-1632"]
[Site "http://www.queenalice.com/game.php?id=1409736"]
[Date "2016.2.17"]
[Round "1"]
[White "Iancopoulus"]
[Black "choto"]
[Result "1-0"]
[WhiteElo "2613"]
[BlackElo "2239"]

1. e4 c5 2. Nf3 d6 3. d4 cxd4 4. Nxd4 Nf6 5. Nc3 a6 6. h3 e6 7. g4 Be7 8. g5
Nfd7 9. Be3 b5 10. a3 Bb7 11. h4 Nb6 12. f4 Na4 13. Nxa4 Bxe4 14. Nxb5 O-O 15.
Rg1 axb5 16. Bxb5 Bc6 17. c4 Qc7 18. h5 Nd7 19. Nc3 Bxb5 20. cxb5 d5 21. h6 g6
22. Rc1 Qb7 23. Rf1 f6 24. Qg4 f5 25. Qe2 Bd6 26. Kd1 Rfc8 27. Kc2 Bc5 28. Rfd1
Ra7 29. Kb1 Qb8 30. Bxc5 Nxc5 31. Qe3 Qd6 32. b4 Rxa3 33. Nxd5 Qxd5 34. Qxa3
Qe4+ 35. Kb2 Qe2+ 36. Ka1 Qe4 37. Qa7 Qa8 38. b6 Qxa7+ 39. bxa7 Nb3+ 40. Kb1
Nxc1 41. Rxc1 Ra8 42. Rc7 e5 43. b5 exf4 44. b6 1-0

[Event "AUTO-ELITE-1632"]
[Site "http://www.queenalice.com/game.php?id=1409737"]
[Date "2016.2.17"]
[Round "1"]
[White "choto"]
[Black "Iancopoulus"]
[Result "1-0"]
[WhiteElo "2238"]
[BlackElo "2599"]

1. e4 e5 2. Nf3 Nc6 3. Bb5 a6 4. Ba4 Nf6 5. O-O Be7 6. Re1 b5 7. Bb3 d6 8. c3
O-O 9. h3 Na5 10. Bc2 c5 11. d4 Qc7 12. d5 Ne8 13. a4 c4 14. Nbd2 Bd7 15. axb5
axb5 16. Nf1 Nf6 17. Ng3 Nb7 18. Be3 Rxa1 19. Qxa1 Nc5 20. Qa3 Rc8 21. Ra1 Bd8
22. Rd1 g6 23. Bg5 Qb7 24. Ra1 Kg7 25. Kh1 Bb6 26. Kg1 h6 27. Be3 Ng8 28. Bb1
Ne7 29. Bc2 f5 30. exf5 gxf5 31. Bxc5 Bxc5 32. b4 cxb3 33. Qxb3 Qxd5 34. Qxd5
Nxd5 35. Bxf5 Bxf5 36. Nxf5+ Kf6 37. Nxh6 Nxc3 38. Ra6 Ne4 39. Ng4+ Kf5 40. Ra2
b4 41. Ne3+ Bxe3 42. fxe3 b3 43. Rb2 Rc3 44. h4 Kg4 45. Kf1 Rc1+ 46. Ne1 Nc5 47.
Kf2 Rxe1 48. Kxe1 1-0

[Event "good training "]
[Site "http://www.queenalice.com/game.php?id=1436271"]
[Date "2016.8.14"]
[Round "3"]
[White "modestyblase"]
[Black "Iancopoulus"]
[Result "0-1"]
[WhiteElo "2438"]
[BlackElo "2586"]

1. d4 Nf6 2. c4 Nc6 3. Nf3 e6 4. a3 d6 5. b4 e5 6. dxe5 Nxe5 7. Nxe5 dxe5 8.
Qxd8+ Kxd8 9. Bb2 a5 10. b5 Bd6 11. g3 Nd7 12. Bg2 Nc5 13. Nc3 Be6 14. Rc1 f6
15. Ne4 Na4 16. Nxd6 cxd6 17. Bc3 Nc5 18. Bd2 Ke7 19. Be3 Rac8 20. Rc2 a4 21. b6
Rb8 22. Kd2 Rhc8 23. Bxc5 Rxc5 24. Rb1 Bxc4 25. Rbc1 d5 26. e4 Rb5 27. exd5 Bxd5
28. Rc7+ Kd6 29. Bxd5 Kxd5 30. Rxg7 h5 31. Rc3 Ke6 32. Ke3 Rxb6 33. Rh7 Rb3 34.
Rxb3 axb3 35. Kd3 Ra8 36. Rxb7 Rxa3 37. h3 b2+ 38. Kc4 Ra2 39. Kd3 h4 40. g4
b1=Q+ 41. Rxb1 Rxf2 42. Rb6+ Kf7 43. Ke4 Kg6 44. Rb3 Re2+ 45. Kf3 Rh2 46. Ke4
Rd2 47. Ra3 Rd4+ 48. Ke3 Rb4 49. Ke2 Kg5 50. Re3 e4 51. Ra3 Kf4 52. Ra6 Rb2+ 53.
Kf1 f5 54. gxf5 Kxf5 0-1

[Event "Challenge"]
[Site "http://www.queenalice.com/game.php?id=1437167"]
[Date "2016.8.21"]
[Round "-"]
[White "dnptrs"]
[Black "Iancopoulus"]
[Result "0-1"]
[WhiteElo "2192"]
[BlackElo "2584"]

1. d4 e6 2. Nf3 f5 3. Bf4 Nf6 4. c4 Bb4+ 5. Nbd2 O-O 6. a3 Bxd2+ 7. Nxd2 b6 8.
g3 Bb7 9. Nf3 d6 10. Bg2 Nbd7 11. b4 e5 12. dxe5 dxe5 13. Bd2 Qe8 14. Nh4 Bxg2
15. Nxg2 Rd8 16. Qc2 Qh5 17. h4 Ne4 18. Bc3 Qg6 19. e3 Ndf6 20. Rd1 Rxd1+ 21.
Kxd1 Rd8+ 22. Kc1 Nxc3 23. Qxc3 Ne4 24. Rf1 Nxc3 0-1

[Event "Challenge"]
[Site "http://www.queenalice.com/game.php?id=1437168"]
[Date "2016.8.21"]
[Round "-"]
[White "Iancopoulus"]
[Black "dnptrs"]
[Result "1-0"]
[WhiteElo "2585"]
[BlackElo "2188"]

1. Nc3 e5 2. Nf3 d6 3. d4 exd4 4. Nxd4 Nf6 5. e4 Be7 6. g3 Bd7 7. Bg2 Nc6 8. O-O
O-O 9. Nf5 h6 10. Nxe7+ Nxe7 11. h3 Rb8 12. Be3 a6 13. f4 Bc6 14. Bd4 Ne8 15.
Qd3 b5 16. a3 f5 17. Rfe1 Ba8 18. Ba7 Rc8 19. Bf2 fxe4 20. Nxe4 Bxe4 21. Rxe4
Kh8 22. Rae1 Ng8 23. R4e2 Nef6 24. Bb7 Rb8 25. Bc6 Qc8 26. Kh2 Nd7 27. Bd4 Ngf6
28. Qg6 Rg8 29. Re7 1-0

[Event "Challenge"]
[Site "http://www.queenalice.com/game.php?id=1440207"]
[Date "2016.9.8"]
[Round "-"]
[White "Marquinhos"]
[Black "Iancopoulus"]
[Result "0-1"]
[WhiteElo "2518"]
[BlackElo "2591"]

1. d4 Nf6 2. Nf3 g6 3. c4 Bg7 4. Nc3 d6 5. e4 O-O 6. Be2 Na6 7. O-O e5 8. d5 Nc5
9. Qc2 a5 10. Ne1 Nfd7 11. Be3 f5 12. f3 f4 13. Bf2 g5 14. Nd3 Nxd3 15. Qxd3 Rf6
16. a3 Rg6 17. Rfc1 Nf6 18. c5 g4 19. Kf1 gxf3 20. Bxf3 Ng4 21. Bxg4 Bxg4 22.
cxd6 cxd6 23. Nb5 Qg5 24. h4 Qh5 25. Rc3 Bf6 26. Nxd6 Bxh4 27. Nf5 Bf6 28. Rac1
Qh1+ 29. Bg1 Bxf5 0-1